书目信息 |
| 题名: |
旅游知识集锦
|
|
| 作者: | 弓玄 著 | |
| 分册: | ||
| 出版信息: | 北京 中国旅游出版社 1984 |
|
| 页数: | 172页 | |
| 开本: | 19cm | |
| 丛书名: | ||
| 单 册: | ||
| 中图分类: | F59 | |
| 科图分类: | ||
| 主题词: | 旅游--基本知识 | |
| 电子资源: | ||
| ISBN: | ||
| 000 | 00610nam0 2200241 45 | |
| 001 | 0184013216 | |
| 005 | 20040430142827.9 | |
| 010 | @dCNY0.55 | |
| 091 | @a17179.281 | |
| 100 | @a19950221d1984 em y0chiy0121 ea | |
| 101 | 0 | @achi |
| 102 | @aCN@b110000 | |
| 105 | @ay z 000yy | |
| 106 | @ar | |
| 200 | 10 | @a旅游知识集锦@Alv you zhi shi ji jin@f弓玄著 |
| 210 | @a北京@c中国旅游出版社@d1984 | |
| 215 | @a172页@d19cm | |
| 606 | @a旅游@x基本知识 | |
| 690 | @aF59@v3 | |
| 701 | 0 | @a弓玄@Agong xuan@4著 |
| 801 | 0 | @aCN@b上海图书馆@c20040430 |
| 801 | 2 | @aCN@bNLC@c20040430 |
| 905 | @f2@b119580-581@dF59@e1 | |
| 旅游知识集锦/弓玄著.-北京:中国旅游出版社,1984 |
| 172页;19cm |
| ISBN :CNY0.55 |
| ● |
| 相关链接 |
|
|
|
|
正题名:旅游知识集锦
索取号:F59/1
 
预约/预借
| 序号 | 登录号 | 条形码 | 馆藏地/架位号 | 状态 | 备注 |
| 1 | 0119580 | 000487351 | 密集书库/ [索取号:F59/1] | 在馆 | |
| 2 | 0119581 | 000487360 | 密集书库/ [索取号:F59/1] | 在馆 | |
| 3 | 0119582 | 000487342 | 第一样本阅览室/ [索取号:F59/1] | 在馆 |